书目信息 |
| 题名: |
地理集刊
|
|
| 作者: | ;中国科学院地理研究所 编 | |
| 分册: | 自然地理 | |
| 出版信息: | 北京 科学出版社 1987 |
|
| 页数: | 121页 | |
| 开本: | 26cm | |
| 丛书名: | ||
| 单 册: | ||
| 中图分类: | P9 , K-5 | |
| 科图分类: | ||
| 主题词: | 历史--中国--丛刊 , 自然地理--中国--文集 , 地理 | |
| 电子资源: | ||
| ISBN: | ||
| 000 | 00682nam0 2200253 45 | |
| 001 | 1559157495 | |
| 005 | 20150207161514.50 | |
| 010 | @dCNY1.45 | |
| 100 | @a19951123d1987 em y0chiy0121 ea | |
| 101 | 0 | @achi |
| 102 | @aCN@b110000 | |
| 105 | @ay z 000yy | |
| 200 | 10 | @a地理集刊@i自然地理@Adi li ji kan@f中国科学院地理研究所编 |
| 210 | @a北京@c科学出版社@d1987 | |
| 215 | @a121页@d26cm | |
| 606 | @a历史@y中国@x丛刊 | |
| 606 | @a自然地理@y中国@x文集 | |
| 606 | 0 | @a地理 |
| 690 | @aP9@v3 | |
| 690 | @aK-5@v4 | |
| 711 | 02 | @a中国科学院地理研究所@4编@Azhong guo ke xue yuan di li yan jiu suo |
| 801 | 0 | @aCN@bTSSF@c20150207 |
| 801 | 2 | @aCN@bNLC |
| 905 | @aZUCC@dK-5@eJY15 | |
| 地理集刊.自然地理/中国科学院地理研究所编.-北京:科学出版社,1987 |
| 121页;26cm |
| ISBN :CNY1.45 |
| ● |
| 相关链接 |
|
|
|
|
正题名:地理集刊
索取号:K-5/JY15
 
预约/预借
| 序号 | 登录号 | 条形码 | 馆藏地/架位号 | 状态 | 备注 |
| 1 | 7838391 | 278383919 | 学院路分馆/ [索取号:K-5/JY15] | 在馆 |